[Event "AUTO-OPEN-1653"]
[Site "http://www.queenalice.com/game.php?id=727136"]
[Date "2010.2.6"]
[Round "2"]
[White "devagar"]
[Black "Don_Mutreta"]
[Result "1-0"]
[WhiteElo "1945"]
[BlackElo "1827"]

1. e4 c5 2. Nf3 Nc6 3. d4 cxd4 4. Nxd4 e5 5. Nf5 Nf6 6. f3 g6 7. Nd6+ Bxd6 8.
Qxd6 Qe7 9. Qxe7+ Nxe7 10. Be2 O-O 11. Bg5 Kg7 12. Nc3 Nc6 13. Bxf6+ Kxf6 14.
Nd5+ Kg7 15. O-O d6 16. c3 Be6 17. Rad1 Bxd5 18. Rxd5 Rad8 19. Rfd1 h5 20. Rxd6
Rxd6 21. Rxd6 Rd8 22. Rxd8 Nxd8 23. Kf2 Ne6 24. g3 Nc5 25. b4 Na4 26. c4 Nc3 27.
a3 Kf6 28. Ke3 Ke6 29. c5 f6 30. Bc4+ Ke7 31. Bd5 g5 32. Bxb7 Nd1+ 33. Kd2 Nb2
34. Kc3 Nd1+ 35. Kc4 Kd7 36. c6+ Kd6 37. Kb5 Nc3+ 38. Ka6 Na2 39. Kxa7 Nc1 40.
Kb8 1-0

[Event "AUTO-OPEN-1653"]
[Site "http://www.queenalice.com/game.php?id=727137"]
[Date "2010.2.6"]
[Round "2"]
[White "Don_Mutreta"]
[Black "devagar"]
[Result "0-1"]
[WhiteElo "1811"]
[BlackElo "1944"]

1. e4 c5 2. Nf3 Nc6 3. d4 cxd4 4. Nxd4 g6 5. Nxc6 bxc6 6. Bd2 Bg7 7. Bc3 Bxc3+
8. Nxc3 e5 9. Bc4 Ne7 10. O-O O-O 11. b4 Bb7 12. a3 a5 13. Qd2 axb4 14. axb4 d5
15. exd5 cxd5 16. Rxa8 Qxa8 17. Be2 d4 18. Nb1 Bxg2 19. Re1 Bh3 20. Qd3 Qg2# 0-1

[Event "AUTO-OPEN-1729"]
[Site "http://www.queenalice.com/game.php?id=748064"]
[Date "2010.3.18"]
[Round "2"]
[White "Don_Mutreta"]
[Black "lk"]
[Result "1-0"]
[WhiteElo "1772"]
[BlackElo "1932"]

1. e4 c5 2. Nf3 e6 3. d4 d5 4. exd5 exd5 5. Bb5+ Nc6 6. Ne5 Bd7 7. Nxd7 Qxd7 8.
Bxc6 bxc6 9. dxc5 Bxc5 10. O-O Be7 11. Re1 Nf6 12. Bg5 Rb8 13. Bxf6 gxf6 14. Nc3
O-O 15. Qf3 Kh8 16. h3 Rg8 17. Re2 Rbe8 18. Rae1 f5 19. Qf4 Bd6 20. Qd4+ Be5 21.
Rxe5 Rxe5 22. Qxe5+ Rg7 23. Qe8+ Qxe8 24. Rxe8+ Rg8 25. Re7 Kg7 26. Rxa7 Rb8 27.
b3 Kg6 28. Ne2 Kf6 29. Nd4 Rc8 30. Ra6 Ke5 31. Nxc6+ Ke4 32. Ra4+ d4 33. Rxd4#
1-0

[Event "AUTO-OPEN-1729"]
[Site "http://www.queenalice.com/game.php?id=748065"]
[Date "2010.3.18"]
[Round "2"]
[White "lk"]
[Black "Don_Mutreta"]
[Result "1-0"]
[WhiteElo "1946"]
[BlackElo "1816"]

1. d4 e6 2. c4 Nf6 3. Bg5 Be7 4. Nf3 O-O 5. Nc3 h6 6. Bf4 c6 7. e3 d5 8. Bd3 Ne4
9. Nxe4 dxe4 10. Bxe4 a5 11. O-O Na6 12. a3 Bd7 13. Qd2 b5 14. cxb5 Nb8 15. Ne5
cxb5 16. Bxa8 1-0

[Event "AUTO-OPEN-1729"]
[Site "http://www.queenalice.com/game.php?id=748066"]
[Date "2010.3.18"]
[Round "2"]
[White "Don_Mutreta"]
[Black "iwanikow"]
[Result "0-1"]
[WhiteElo "1797"]
[BlackElo "1860"]

1. e4 e5 2. Nf3 d6 3. d4 exd4 4. Nxd4 c5 5. Nf3 Be7 6. Bb5+ Nd7 7. O-O Nf6 8. e5
dxe5 9. Nxe5 O-O 10. Bg5 Nxe5 11. Qxd8 Bxd8 12. Nc3 Bc7 13. Bxf6 gxf6 14. b3 b6
15. Nd5 Bd8 16. f4 Nd7 17. Bxd7 Bxd7 18. c4 b5 19. cxb5 Bxb5 20. Rfe1 Ba5 21.
Red1 Rad8 22. Nxf6+ Kg7 23. Ne4 Rxd1+ 24. Rxd1 f5 25. Ng5 Kg6 26. h3 Re8 27. a4
Be2 28. Rd6+ Kh5 29. Rd7 h6 30. Rh7 Bd1 31. Nf3 Bxf3 32. gxf3 Bb6 33. Kf1 Re3
34. Kf2 Rxb3 0-1

[Event "AUTO-OPEN-1729"]
[Site "http://www.queenalice.com/game.php?id=748067"]
[Date "2010.3.18"]
[Round "2"]
[White "iwanikow"]
[Black "Don_Mutreta"]
[Result "0-1"]
[WhiteElo "1747"]
[BlackElo "1795"]

1. e4 e5 2. c4 Nc6 3. d3 d6 4. Nf3 Nf6 5. Be2 Bg4 6. O-O Be7 7. Nc3 Bxf3 8. Bxf3
Nd4 9. b4 c6 10. b5 O-O 11. Rb1 cxb5 12. Nxb5 Nxb5 13. Rxb5 b6 14. Be3 h6 15. d4
exd4 16. Bxd4 Rb8 17. a4 Qc7 18. Qd3 a6 19. Rb2 Nd7 20. Bc3 Nc5 21. Qd4 f6 22.
Rfb1 Nxa4 23. Rb3 Nxc3 24. Qxc3 Qc5 25. Be2 Bd8 26. Qd3 Bc7 27. Qd5+ Qxd5 28.
exd5 Rfe8 29. Bh5 Re5 30. Bf3 b5 31. cxb5 Rxb5 32. Rxb5 axb5 33. g3 b4 34. Rxb4
g5 35. Rb7 Ba5 36. Rd7 Bb4 37. Kg2 Bc5 38. Bh5 f5 39. Bg6 f4 40. Bh7+ Kf8 41. f3
Rxd5 42. gxf4 gxf4 43. Bg6 Rg5+ 44. Kh3 Rxg6 45. Rd8+ Ke7 46. Ra8 Ke6 47. Ra4
Kf5 48. Re4 Re6 49. Rxe6 Kxe6 50. Kg4 Ke5 51. h4 d5 52. Kh5 d4 53. Kxh6 d3 54.
h5 d2 55. Kg6 d1=Q 56. h6 Qxf3 57. h7 Qh3 58. Kg7 f3 59. h8=Q Qxh8+ 60. Kxh8 f2
0-1

[Event "QA-ANNIV-05"]
[Site "http://www.queenalice.com/game.php?id=758954"]
[Date "2010.4.10"]
[Round "4"]
[White "Don_Mutreta"]
[Black "kiwinap"]
[Result "0-1"]
[WhiteElo "1805"]
[BlackElo "2016"]

1. e4 e5 2. Nf3 Nc6 3. d4 exd4 4. Nxd4 Bc5 5. Nxc6 bxc6 6. Nc3 Ne7 7. Bc4 O-O 8.
O-O d6 9. Bg5 Be6 10. Bxe6 fxe6 11. a3 Qe8 12. Qg4 Ng6 13. Rad1 d5 14. exd5 exd5
15. b4 Bd6 16. Rfe1 Qf7 17. Qe6 Qxe6 18. Rxe6 Rfe8 19. Rde1 Rxe6 20. Rxe6 Kf7
21. Re1 Re8 22. Rxe8 Kxe8 23. Ne2 c5 24. c3 cxb4 25. cxb4 Kd7 26. Nd4 c6 27. Nf5
Be5 28. Bc1 Kc7 29. g3 a6 30. f4 Bf6 31. Kf2 Ne7 32. Nxe7 Bxe7 33. Bb2 g6 34.
Ke3 Kb6 35. Kd3 Kb5 36. g4 a5 37. bxa5 Kxa5 38. g5 c5 39. h3 Ka4 40. Kc2 d4 41.
h4 Bf8 42. Kd3 Kb3 43. Bc1 Bg7 44. Ke4 c4 0-1

[Event "QA-ANNIV-04"]
[Site "http://www.queenalice.com/game.php?id=762129"]
[Date "2010.4.16"]
[Round "8"]
[White "Don_Mutreta"]
[Black "terrazz"]
[Result "0-1"]
[WhiteElo "1784"]
[BlackElo "1890"]

1. e4 c6 2. Nc3 d5 3. exd5 cxd5 4. d4 Nf6 5. Nf3 Bg4 6. Be2 e6 7. O-O Bb4 8. Bd2
O-O 9. Ne5 Bxe2 10. Qxe2 Nc6 11. Nxc6 bxc6 12. a3 Ba5 13. b4 Bb6 14. Be3 a5 15.
Qd3 axb4 16. axb4 Qd6 17. b5 cxb5 18. Nxb5 Qc6 19. Rfb1 Rfc8 20. Rxa8 Rxa8 21.
h3 Rc8 22. Rb2 Ne4 23. f3 Nd6 24. Nxd6 Qxd6 25. f4 g6 26. Kf2 Bc7 27. g3 g5 28.
c4 Qa6 29. Rc2 gxf4 30. Bxf4 Bxf4 31. gxf4 Rxc4 32. Rxc4 Qxc4 33. Qxc4 dxc4 34.
Ke3 Kg7 35. h4 Kf6 36. Ke4 c3 37. Kd3 Kf5 0-1

[Event "QA-ANNIV-05"]
[Site "http://www.queenalice.com/game.php?id=793705"]
[Date "2010.6.23"]
[Round "5"]
[White "REIDID93"]
[Black "Don_Mutreta"]
[Result "0-1"]
[WhiteElo "1906"]
[BlackElo "1792"]

1. c4 e5 2. Nc3 Nf6 3. g3 c6 4. Bg2 d5 5. cxd5 Nxd5 6. Nf3 Bd6 7. Qb3 Be6 8.
Qxb7 Nd7 9. Qxc6 Bc7 10. Nxd5 Bxd5 11. Qc3 O-O 12. O-O Rc8 13. Qa3 e4 14. Nh4
Nf6 15. b3 Bd6 16. Qxa7 Rc7 17. Qd4 Qd7 18. Bb2 Bc5 19. Qe5 Bd6 20. Qg5 Be7 21.
Nf5 g6 22. Nh6+ Kg7 23. f4 Rc2 24. Bc3 Qe6 25. Ng4 Rh8 26. Ne3 h6 27. Bxf6+ Bxf6
28. Qxd5 Qxd5 29. Nxd5 Bxa1 30. Rxa1 Rxd2 31. Bxe4 Rxe2 32. Nc3 Re3 33. Rc1 Rc8
34. Bd5 Rcxc3 35. Ra1 Rcd3 36. Bc4 Rd2 37. a4 Re8 38. a5 Red8 39. a6 Rd1+ 40.
Rxd1 Rxd1+ 41. Kg2 Ra1 42. b4 Kf6 43. b5 Ke7 44. b6 Kd6 45. Bb5 f5 46. a7 g5 47.
b7 Ra2+ 48. Kh3 g4+ 49. Kh4 Rxh2# 0-1

[Event "AUTO-OPEN-1860"]
[Site "http://www.queenalice.com/game.php?id=804515"]
[Date "2010.7.17"]
[Round "2"]
[White "Don_Mutreta"]
[Black "jraimundo"]
[Result "0-1"]
[WhiteElo "1813"]
[BlackElo "2373"]

1. e4 d6 2. d4 Nf6 3. Nc3 g6 4. Be2 Bg7 5. Nf3 O-O 6. e5 dxe5 7. dxe5 Qxd1+ 8.
Bxd1 Ng4 9. Bf4 Nc6 10. a3 Ngxe5 11. Nxe5 Nxe5 12. O-O Rd8 13. Be2 Bf5 14. Rac1
h6 15. b3 g5 16. Bxe5 Bxe5 17. Na2 Bf4 18. Rcd1 Bxc2 19. Rxd8+ Rxd8 20. b4 Rd2
21. Bc4 Bd3 22. Bxd3 Rxd3 23. Nc1 Rxa3 24. Ne2 Be5 25. Rb1 c6 26. Ng3 Ra1 27.
Rxa1 Bxa1 28. Ne4 b6 29. Kf1 f5 30. Nd2 Bc3 31. Nc4 Bxb4 32. Ke2 Bd6 33. h3 Kf7
34. Kd3 a5 35. Kc3 Bc7 36. Kb3 b5 37. Ne3 e6 38. Nc2 Be5 39. Ne1 Bd4 40. f3 e5
41. Nc2 c5 42. g3 c4+ 43. Ka3 b4+ 44. Ka4 b3 0-1

[Event "AUTO-OPEN-1860"]
[Site "http://www.queenalice.com/game.php?id=804516"]
[Date "2010.7.17"]
[Round "2"]
[White "jraimundo"]
[Black "Don_Mutreta"]
[Result "1-0"]
[WhiteElo "2372"]
[BlackElo "1794"]

1. e4 e5 2. Nf3 Nc6 3. Bc4 h6 4. c3 Nf6 5. d3 Bd6 6. O-O O-O 7. Nbd2 b6 8. Re1
Qe7 9. Nh4 Na5 10. Ng6 Qe8 11. Nxf8 Bxf8 12. Bb5 c6 13. Ba4 b5 14. Bc2 d5 15. d4
exd4 16. cxd4 dxe4 17. Nxe4 Nxe4 18. Bxe4 Qd7 19. b3 Bb7 20. Qd3 Rd8 21. Rd1 a6
22. Bd2 Qc7 23. Rac1 Ba8 24. Re1 Nb7 25. Rxc6 Qd7 26. Rxa6 Qxd4 27. Qxd4 Rxd4
28. Rxa8 Rxd2 29. Bxb7 b4 30. Bf3 Rc2 31. Bd5 Rd2 32. Bc4 g5 33. Ra7 Bc5 34.
Rxf7 Bxf2+ 35. Rxf2+ 1-0

[Event "AUTO-OPEN-1860"]
[Site "http://www.queenalice.com/game.php?id=804517"]
[Date "2010.7.17"]
[Round "2"]
[White "Don_Mutreta"]
[Black "ajbsantos"]
[Result "0-1"]
[WhiteElo "1803"]
[BlackElo "1994"]

1. e4 e6 2. d4 d5 3. exd5 exd5 4. Nf3 Nf6 5. Nc3 Bb4 6. Bd2 O-O 7. Be2 c6 8. O-O
Bf5 9. a3 Bd6 10. b4 Nbd7 11. Be3 Re8 12. Bd3 Bg4 13. Be2 Qc7 14. g3 h5 15. Nh4
Bxe2 16. Qxe2 Ng4 17. Qd3 Nxe3 18. fxe3 Bxg3 0-1

[Event "AUTO-OPEN-1860"]
[Site "http://www.queenalice.com/game.php?id=804518"]
[Date "2010.7.17"]
[Round "2"]
[White "ajbsantos"]
[Black "Don_Mutreta"]
[Result "1-0"]
[WhiteElo "1983"]
[BlackElo "1836"]

1. d4 e6 2. e4 Nc6 3. Nf3 d5 4. Nbd2 dxe4 5. Nxe4 Nf6 6. Bd3 Be7 7. c3 O-O 8.
Qc2 a6 9. O-O Bd7 10. Nxf6+ Bxf6 11. Bxh7+ Kh8 12. Bd3 g6 13. Bf4 Kh7 14. Qd2
Kg7 15. Bh6+ Kg8 16. Bxf8 Qxf8 17. Rae1 b5 18. h4 Ne7 19. h5 Bg7 20. hxg6 Nxg6
21. Bxg6 fxg6 22. Ne5 Bxe5 23. Rxe5 Qf7 24. Rfe1 Rf8 25. R1e3 c6 26. Rh3 Kg7 27.
Qh6+ Kf6 28. Rf3+ 1-0

[Event "QA-ANNIV-04"]
[Site "http://www.queenalice.com/game.php?id=808021"]
[Date "2010.7.24"]
[Round "9"]
[White "franchouillard"]
[Black "Don_Mutreta"]
[Result "1-0"]
[WhiteElo "2020"]
[BlackElo "1811"]

1. e4 e5 2. Nf3 Nc6 3. d4 exd4 4. Nxd4 Nxd4 5. Qxd4 d6 6. Bc4 Qf6 7. c3 Qxd4 8.
cxd4 a6 9. O-O Nf6 10. Nc3 Be7 11. f4 O-O 12. e5 dxe5 13. fxe5 Ng4 14. h3 Nh6
15. Nd5 Bd8 16. Bxh6 gxh6 17. Nf6+ Bxf6 18. Rxf6 Bd7 19. Raf1 Be6 20. Bxe6 fxe6
21. Rxe6 Rxf1+ 22. Kxf1 Rf8+ 23. Ke2 Rf7 24. Rxh6 Kg7 25. Rh4 Re7 26. Ke3 b5 27.
Rf4 Re6 28. Ke4 c6 29. g4 h6 30. d5 cxd5+ 31. Kxd5 1-0

[Event "AUTO-OPEN-1729"]
[Site "http://www.queenalice.com/game.php?id=830093"]
[Date "2010.9.9"]
[Round "3"]
[White "iwanikow"]
[Black "Don_Mutreta"]
[Result "0-1"]
[WhiteElo "1848"]
[BlackElo "1875"]

1. e4 e5 2. Nf3 Nc6 3. Be2 Nf6 4. O-O Nxe4 5. d3 Nc5 6. c4 Bd6 7. Nc3 O-O 8. Nd5
Ne7 9. Be3 Nxd5 10. cxd5 c6 11. b4 Na6 12. dxc6 dxc6 13. Bg5 f6 14. Be3 Nxb4 15.
a3 Nd5 16. Qb3 Kh8 17. Nd2 Nxe3 18. fxe3 b5 19. Ne4 Qe7 20. Nxd6 Qxd6 21. Bf3
Be6 22. Qc3 Rac8 23. Rac1 h6 24. Rf2 Bd5 25. Bxd5 cxd5 26. Qb2 Rxc1+ 27. Qxc1 a6
28. g3 e4 29. d4 b4 30. axb4 Qxb4 31. Qc6 Qc4 32. Qxc4 dxc4 33. Kf1 c3 34. Rc2
Rc8 35. Ke1 Kg8 36. Kd1 Kf7 37. Kc1 a5 38. Kb1 Rb8+ 39. Ka2 Rc8 40. Kb3 Ke6 41.
Rxc3 Rxc3+ 42. Kxc3 Kd5 43. Kb3 h5 44. Ka4 f5 45. Kxa5 g6 46. Kb4 g5 47. Kc3 g4
48. Kd2 Kc4 49. Kc2 f4 0-1

[Event "AUTO-OPEN-1729"]
[Site "http://www.queenalice.com/game.php?id=830094"]
[Date "2010.9.9"]
[Round "3"]
[White "Don_Mutreta"]
[Black "iwanikow"]
[Result "1-0"]
[WhiteElo "1859"]
[BlackElo "1864"]

1. e4 e5 2. Nf3 d6 3. d4 exd4 4. Nxd4 Be7 5. Nc3 Nf6 6. Bd3 O-O 7. O-O c5 8. Nf3
Bg4 9. Be2 Nc6 10. h3 Be6 11. b3 a6 12. a3 b5 13. Bf4 Nd4 14. Nxd4 cxd4 15. Nb1
Nxe4 16. Qxd4 Bf6 17. Qxe4 Bxa1 18. Bd3 g6 19. Bh6 Bg7 20. Qf4 Bxh6 21. Qxh6 Qf6
22. Nd2 d5 23. Nf3 Rac8 24. Ng5 Qg7 25. Qxg7+ Kxg7 26. Re1 Bd7 27. b4 f5 28. Kf1
f4 29. Ne6+ Bxe6 30. Rxe6 Rf6 31. Re7+ Kh6 32. f3 Rc3 33. Rd7 Rxa3 34. Rxd5 Re6
35. Kf2 Kg7 36. g3 fxg3+ 37. Kxg3 Ra4 38. Rd7+ Kh6 39. h4 Rxb4 40. Ra7 Ra4 41.
f4 Rf6 42. Rc7 Raxf4 43. Rc5 Rf3+ 44. Kg2 R6f4 45. h5 gxh5 46. Rc6+ Rf6 47. Rxa6
Rxa6 48. Kxf3 Rf6+ 49. Kg3 b4 50. Kh4 Rf4+ 51. Kg3 1-0

[Event "QA-ANNIV-05"]
[Site "http://www.queenalice.com/game.php?id=841298"]
[Date "2010.10.3"]
[Round "6"]
[White "Don_Mutreta"]
[Black "arkadiusz42"]
[Result "1-0"]
[WhiteElo "1855"]
[BlackElo "1555"]

1. e4 e5 2. Nf3 Qf6 3. d4 d6 4. dxe5 Qe6 5. exd6 Bxd6 6. Nc3 c6 7. b3 Bb4 8. Bb2
Nf6 9. Bd3 O-O 10. O-O Nh5 11. Bc4 Qg6 12. Nh4 Bg4 13. Nxg6 hxg6 14. Qxg4 Nd7
15. Ne2 Ndf6 16. Bxf6 gxf6 17. Nf4 Ng7 18. Nxg6 Bc3 19. Qh4 Nh5 20. Qxh5 Kg7 21.
Ne7 Rae8 22. Nf5+ Kg8 23. Qg4+ 1-0

[Event "QA-ANNIV-05"]
[Site "http://www.queenalice.com/game.php?id=885912"]
[Date "2011.1.13"]
[Round "7"]
[White "FabianoSales"]
[Black "Don_Mutreta"]
[Result "1-0"]
[WhiteElo "2251"]
[BlackElo "1890"]

1. d4 e6 2. e4 Nc6 3. Bb5 Nge7 4. Nf3 g6 5. d5 exd5 6. exd5 Nb8 7. Qd4 Rg8 8.
O-O Bg7 9. Qh4 h5 10. Re1 f6 11. Bf4 c6 12. d6 g5 13. Qxh5+ Kf8 14. dxe7+ Qxe7
15. Bd6 1-0

[Event "QA-ANNIV-05"]
[Site "http://www.queenalice.com/game.php?id=983034"]
[Date "2011.9.9"]
[Round "10"]
[White "Don_Mutreta"]
[Black "Slazenger"]
[Result "1/2-1/2"]
[WhiteElo "1866"]
[BlackElo "1603"]

1. e4 Nf6 2. Nc3 e5 3. Nf3 c6 4. d4 exd4 5. Nxd4 Qe7 6. Bg5 Qe5 7. Bxf6 Qxf6 8.
Qf3 Qxf3 9. Nxf3 Bb4 10. Bd3 O-O 11. O-O Bxc3 12. bxc3 f6 13. Bc4+ Kh8 14. a4 a6
15. Nh4 d6 16. Rfd1 b5 17. axb5 cxb5 18. Bb3 Rd8 19. Bd5 Ra7 20. c4 bxc4 21.
Bxc4 Re8 22. f3 Rd8 23. Rab1 Nd7 24. Be6 Nf8 25. Bxc8 Rxc8 26. Rb2 Rc6 27. Nf5
Rd7 28. Ra2 g6 29. Nh6 Kg7 30. Ng4 Rdc7 31. Rd2 Rd7 32. Ne3 Rb6 33. c4 Rb1+ 34.
Kf2 Rb6 35. c5 Rc6 36. cxd6 Rdxd6 37. Rxd6 Rxd6 38. Nd5 Nd7 39. Nc7 Rc6 40. Nxa6
Nc5 41. Nxc5 Rxc5 42. h4 Rh5 43. g3 g5 44. Ra5 Kg6 45. hxg5 fxg5 46. Ra6+ Kg7
47. Kg2 h6 48. g4 Rh4 49. e5 h5 50. Rf6 hxg4 51. fxg4 Rxg4+ 52. Kf3 Rh4 53. Ra6
Rf4+ 54. Kg3 Re4 55. Ra5 Kg6 56. Kf3 Re1 1/2-1/2